| 000 | 01786cam a2200313 i 4500 | ||
|---|---|---|---|
| 999 |
_c173199 _d173199 |
||
| 001 | 21008116 | ||
| 003 | ENG-111436 | ||
| 005 | 20200220113054.0 | ||
| 008 | 200220b ||||| |||| 00| 0 eng d | ||
| 015 |
_aGBB943800 _2bnb |
||
| 016 | 7 |
_a019283299 _2Uk |
|
| 020 |
_a9780199486670 _c250.00 |
||
| 035 | _aEN-111436 | ||
| 040 | _cdpl | ||
| 082 | 0 | 4 |
_a331.095414 _223 |
| 100 | 1 | _aChakrabarty, Dipesh | |
| 245 | 1 | 0 |
_aSome aspects of the labour history of Bengal in the nineteenth century : _btwo views / _cDipesh Chakrabarty, Ranajit Dasgupta ; introduction by Janaki Nair. |
| 260 |
_aNew Delhi _bOxford University Press _c2019 |
||
| 270 |
_a2/11 Ground Floor,Ansari Road,Dariyaganj _bNew Delhi _e110002 |
||
| 300 |
_axliv, 66 p. _c18cm (hb) |
||
| 500 | _aIncludes bibliographical reference and index. | ||
| 520 | 8 | _aPart of the 'Occasional Papers' series of CSSSC, this essay is a brief, and sharply posed, exchange between Dipesh Chakrabarty and Ranajit Das Gupta on working class consciousness in Bengal. it posits that this consciousness is not a mechanical outcome of the capitalist mode of production, it is not a thing but a process; that even failure must be taken on board in order to flesh out that process; that not only was the working class present (and therefore conscious) of its own making, but drew from rich pre-capitalist cultural traditions of dissent, rebellion and republicanism. 0the essay asks pertinent questions about the morality of labour, history of peasant revolts, capitalist intervention, religious discrimination among labourers etc. | |
| 650 | 0 |
_aLabor _zIndia _zBengal _xHistory. |
|
| 650 | 7 |
_aLabor. _2fast |
|
| 651 | 7 |
_aIndia _zBengal. _2fast |
|
| 655 | 7 |
_aHistory. _2fast |
|
| 700 | 1 | _aDasgupta, Ranajit, | |
| 942 |
_2ddc _cEN _k331.095414 _mCHA |
||